00558 2200193 4500001002100000005001500021035002000036007000300056008004100059020002200100082001000122084001600132100004600148245006800194250001100262260004200273300004000315650000900355INLIS00000000000203020260219013450 a0010-0226000040ta260219 g 0 ind  a978-979-4968-35-2 a612.3 a612.3 FAK p0 aFakultas Kedokteran Universitas Indonesia1 aPenuntun Diet Anak /cFakultas Kedokteran Universitas Indonesia aCet. 2 aJakarta :bBadan Penerbit FKUI,c2015 aXXIV + 292 hlm :b- ;c14 x 19,5 cm aGizi